[Event "B - CZECH OPEN 2016"]
[Site "Pardubice (CZE)"]
[Date "2016.07.24"]
[Round "3.8"]
[White "KOTYK, Vaclav"]
[Black "ZHURAVLEV, Stepan"]
[Result "1/2-1/2"]
[WhiteElo "2167"]
[BlackElo "2030"]
[PlyCount "49"]
[EventDate "2016.07.22"]

1. d4 d5 2. c4 c6 3. Nf3 Nf6 4. Nc3 dxc4 5. a4 e6 6. e3 c5 7. Bxc4 Nc6 8. O-O
cxd4 9. exd4 Be7 10. Qe2 O-O 11. Rd1 Nb4 12. Ne5 b6 13. Bg5 Bb7 14. Nxf7 Rxf7
15. Bxe6 Nbd5 16. Bxf6 Nxf6 17. d5 Bd6 18. Nb5 Bc5 19. d6 Ne4 20. b4 Bxf2+ 21.
Kh1 Qh4 22. Bxf7+ Kxf7 23. Ra3 Ng3+ 24. Rxg3 Bxg3 25. Qe7+ 1/2-1/2

[Event "B - CZECH OPEN 2016"]
[Site "Pardubice (CZE)"]
[Date "2016.07.24"]
[Round "3.9"]
[White "PALDUS, Petr"]
[Black "BASKAKOV, Egor"]
[Result "1/2-1/2"]
[WhiteElo "2013"]
[BlackElo "2141"]
[PlyCount "93"]
[EventDate "2016.07.22"]

1. e4 c5 2. b3 Nc6 3. Bb2 e5 4. g3 d5 5. exd5 Qxd5 6. Qf3 Be6 7. Bc4 Qd7 8.
Bxe6 Qxe6 9. Ne2 O-O-O 10. Na3 Bd6 11. O-O-O Nf6 12. Rhe1 e4 13. Qg2 Qf5 14.
Nc3 Rhe8 15. Nc4 Bc7 16. h3 h5 17. g4 hxg4 18. hxg4 Qxg4 19. Qxg4+ Nxg4 20.
Rxe4 Nxf2 21. Rxe8 Rxe8 22. Rf1 Bg3 23. Nb5 Re6 24. Bxg7 a6 25. Nbd6+ Bxd6 26.
Rxf2 Nd8 27. Bf6 Be7 28. Nb6+ Rxb6 29. Bxe7 Ne6 30. Rxf7 Rc6 31. Bf6 c4 32. b4
Rc7 33. Rxc7+ Kxc7 34. Kb2 Kc6 35. Kc3 Kd5 36. d3 cxd3 37. Kxd3 b5 38. Kc3 Nf4
39. Kb3 Nh5 40. Bg5 Ng3 41. Be3 Nf5 42. Bc5 Ng3 43. a4 Ne4 44. Bf8 Nd2+ 45. Kc3
Nc4 46. a5 Ke4 47. Bc5 1/2-1/2

[Event "B - CZECH OPEN 2016"]
[Site "Pardubice (CZE)"]
[Date "2016.07.25"]
[Round "4.1"]
[White "Hardarson, Jon Trausti"]
[Black "Dorst, Johannes"]
[Result "1-0"]
[WhiteElo "2078"]
[BlackElo "2215"]
[PlyCount "169"]
[EventDate "2016.07.22"]

1. e4 c5 2. Nf3 e6 3. b3 Nc6 4. Bb2 Nf6 5. Qe2 Be7 6. g3 O-O 7. e5 Ne8 8. Bg2
f6 9. O-O fxe5 10. Nxe5 Nxe5 11. Bxe5 Bf6 12. Nc3 d6 13. Bxf6 Qxf6 14. Rad1 d5
15. d4 Bd7 16. Qe3 cxd4 17. Rxd4 Nd6 18. Ne4 Nxe4 19. Bxe4 Be8 20. Bd3 Bf7 21.
f4 Rfe8 22. Re1 a6 23. g4 Qh4 24. g5 Qh5 25. Be2 Qg6 26. Bd3 Qh5 27. Qg3 Rac8
28. Be2 Qg6 29. Bd3 Qh5 30. h4 Kh8 31. Be2 Qg6 32. Bd3 Qh5 33. Kf2 Bg6 34. Be2
Rxc2 35. Kf1 Rxe2 36. Rxe2 Bf5 37. Re3 Qf7 38. Rc3 Be4 39. Ke2 Rf8 40. Ke3 Bg6
41. Rc1 Qe7 42. Qh2 Qf7 43. Qg3 Qf5 44. Kd2 Kg8 45. Qe3 Qg4 46. Rg1 Qf5 47. Rc1
Re8 48. Qe5 Qxe5 49. fxe5 Re7 50. Rf4 h5 51. Rc8+ Kh7 52. Rff8 Bf7 53. Ke3 Kg6
54. Kf4 Rd7 55. b4 Re7 56. a4 Rd7 57. Rfd8 Re7 58. b5 axb5 59. axb5 b6 60. Rc6
Ra7 61. Rxd5 Ra4+ 62. Kg3 Kf5 63. Rd3 Kxe5 64. Rxb6 Bg6 65. Re3+ Be4 66. Ra6
Rb4 67. b6 Kf5 68. Ra7 Kg6 69. b7 Bxb7 70. Rxe6+ Kf5 71. Re7 Rg4+ 72. Kh3 Bg2+
73. Kh2 Be4 74. Rf7+ Ke5 75. Ra5+ Kd4 76. Rxg7 Rxh4+ 77. Kg3 Rg4+ 78. Kh3 Ke3
79. Rf7 Rg1 80. Ra3+ Kd4 81. Kh4 Ke5 82. Ra5+ Ke6 83. Rf6+ Ke7 84. Ra7+ Kd8 85.
Rf8# 1-0

[Event "B - CZECH OPEN 2016"]
[Site "Pardubice (CZE)"]
[Date "2016.07.25"]
[Round "4.2"]
[White "Janska, Jitka"]
[Black "Vaculik, Jakub"]
[Result "1-0"]
[WhiteElo "2034"]
[BlackElo "2210"]
[PlyCount "81"]
[EventDate "2016.07.22"]

1. e4 d5 2. exd5 Nf6 3. c4 c6 4. d4 cxd5 5. Nc3 Nc6 6. Bg5 Be6 7. Be2 Qa5 8.
Bxf6 exf6 9. a3 Rd8 10. b4 Qc7 11. c5 Qf4 12. Nf3 g5 13. g3 Qc7 14. Rb1 h5 15.
b5 Nb8 16. Qa4 b6 17. c6 g4 18. Nh4 f5 19. Qb3 f4 20. Bd3 Bg7 21. Qb4 Bf6 22.
Ng2 a5 23. Qa4 f3 24. Nf4 h4 25. Nxe6 fxe6 26. Kd2 Kf7 27. Rbe1 Rh6 28. Nd1
Rdh8 29. Rhf1 hxg3 30. hxg3 Rh2 31. Kc1 Qd6 32. Ne3 Bg5 33. Kb1 Bxe3 34. Rxe3
Rh1 35. Rxh1 Rxh1+ 36. Ka2 Rc1 37. Kb2 Rh1 38. Qc2 Qc7 39. Bg6+ Kf6 40. Rxe6+
Kg7 41. Bh5 1-0

[Event "B - CZECH OPEN 2016"]
[Site "Pardubice (CZE)"]
[Date "2016.07.25"]
[Round "4.3"]
[White "Bartek, Ladislav"]
[Black "Kolmakov, Pavel"]
[Result "0-1"]
[WhiteElo "1981"]
[BlackElo "2180"]
[PlyCount "78"]
[EventDate "2016.07.22"]

1. e4 c5 2. Nf3 e6 3. d4 cxd4 4. Nxd4 a6 5. Bd3 Qb6 6. Nb3 Nc6 7. Nc3 Qc7 8.
Be3 b5 9. O-O Nf6 10. f4 d6 11. Qf3 Bb7 12. Qg3 h5 13. Rae1 O-O-O 14. Bd2 g6
15. h3 Bh6 16. Kh1 Nd7 17. a4 b4 18. Na2 a5 19. c3 Nc5 20. Nd4 Nxd4 21. cxd4
Nxd3 22. Qxd3 Qb6 23. Rf2 Ba6 24. Qe3 Bg7 25. e5 dxe5 26. dxe5 Qxe3 27. Bxe3
Kb7 28. Nc1 Rd5 29. Nb3 Rc8 30. Nd4 Rc4 31. Nf3 Bf8 32. Ng5 Rd7 33. Rd2 Rxd2
34. Bxd2 Rc2 35. Bc1 Bc4 36. Nf3 Bd5 37. Rd1 Bc5 38. Ne1 Re2 39. Kh2 Bb3 0-1

[Event "B - CZECH OPEN 2016"]
[Site "Pardubice (CZE)"]
[Date "2016.07.25"]
[Round "4.5"]
[White "Kowalec, Maciej"]
[Black "Nguyen, Alex Dac-Vuong"]
[Result "1-0"]
[WhiteElo "2110"]
[BlackElo "1968"]
[PlyCount "51"]
[EventDate "2016.07.22"]

1. Nf3 Nf6 2. d4 g6 3. g3 Bg7 4. Bg2 O-O 5. O-O d6 6. c4 a6 7. Nc3 Nc6 8. e4
Bg4 9. h3 Bxf3 10. Bxf3 e5 11. d5 Nd4 12. Be3 Nd7 13. Bg2 c5 14. dxc6 bxc6 15.
Ne2 Qb6 16. Qd2 Rab8 17. Rab1 Qb4 18. Nxd4 exd4 19. Bf4 Be5 20. Bh6 Rfe8 21.
Qxb4 Rxb4 22. b3 Nc5 23. Bd2 Rbb8 24. b4 Nd3 25. Rb3 d5 26. exd5 1-0

[Event "B - CZECH OPEN 2016"]
[Site "Pardubice (CZE)"]
[Date "2016.07.25"]
[Round "4.6"]
[White "Granovskiy, Alexandr"]
[Black "Verwoert, Jef"]
[Result "1-0"]
[WhiteElo "2292"]
[BlackElo "2029"]
[PlyCount "61"]
[EventDate "2016.07.22"]

1. d4 Nf6 2. Bg5 c5 3. d5 Ne4 4. h4 Qb6 5. Nd2 Nxg5 6. hxg5 g6 7. e4 d6 8. Nc4
Qc7 9. a4 Bg7 10. Be2 h6 11. Qd2 hxg5 12. Rxh8+ Bxh8 13. Qxg5 Kf8 14. f4 Bf6
15. Qg3 Nd7 16. Nf3 Nb6 17. Nfd2 Bg7 18. a5 Nxc4 19. Nxc4 Rb8 20. e5 b5 21.
axb6 axb6 22. e6 b5 23. Ne3 Bxb2 24. Ra2 Bc3+ 25. Kf1 Bd4 26. f5 Bxe3 27. fxg6
Bd4 28. gxf7 Bg7 29. Qg6 Bxe6 30. dxe6 d5 31. g3 1-0

[Event "B - CZECH OPEN 2016"]
[Site "Pardubice (CZE)"]
[Date "2016.07.25"]
[Round "4.8"]
[White "Moroder, Stefan"]
[Black "Paldus, Petr"]
[Result "1-0"]
[WhiteElo "2209"]
[BlackElo "2013"]
[PlyCount "49"]
[EventDate "2016.07.22"]

1. e4 e5 2. Nf3 Nc6 3. d4 exd4 4. Nxd4 Qh4 5. Nc3 Bb4 6. Be2 Nf6 7. O-O Bxc3 8.
bxc3 Nxd4 9. cxd4 Nxe4 10. Bd3 d5 11. Ba3 Be6 12. c4 O-O-O 13. Qc2 Rhe8 14.
Rab1 Nd6 15. Bxd6 Rxd6 16. Qa4 Kd8 17. c5 Rd7 18. Rxb7 c6 19. Qxc6 Qxd4 20. Bb5
Rxb7 21. Qxe8+ Kc7 22. Qc6+ Kb8 23. Qd6+ Rc7 24. Rb1 Bf5 25. Bd3+ 1-0

[Event "B - CZECH OPEN 2016"]
[Site "Pardubice (CZE)"]
[Date "2016.07.25"]
[Round "4.9"]
[White "Maslak, Alexander"]
[Black "Haase, Pavel"]
[Result "1-0"]
[WhiteElo "2195"]
[BlackElo "2010"]
[PlyCount "43"]
[EventDate "2016.07.22"]

1. e4 c5 2. Nf3 d6 3. d4 cxd4 4. Nxd4 Nf6 5. Nc3 a6 6. Bg5 e6 7. f4 Be7 8. Qf3
Qc7 9. O-O-O b5 10. a3 Bb7 11. g4 Nc6 12. Bxf6 Bxf6 13. Bxb5 axb5 14. Ndxb5 Qb6
15. Nxd6+ Kf8 16. Nxb7 Qxb7 17. e5 Be7 18. Rd3 Rb8 19. b4 Bxb4 20. axb4 Nxb4
21. Rd8+ Ke7 22. Qxb7+ 1-0

[Event "B - CZECH OPEN 2016"]
[Site "Pardubice (CZE)"]
[Date "2016.07.25"]
[Round "4.7"]
[White "Gantar, Jan"]
[Black "Brenninger, Daniel"]
[Result "1-0"]
[WhiteElo "2215"]
[BlackElo "2022"]
[PlyCount "115"]
[EventDate "2016.07.22"]

1. e4 Nf6 2. e5 Nd5 3. d4 d6 4. c4 Nb6 5. exd6 exd6 6. Nc3 Be7 7. Be2 Nc6 8. b3
O-O 9. h3 Bf5 10. a3 Bf6 11. Nf3 h6 12. O-O Re8 13. Be3 d5 14. c5 Nc8 15. Qd2
Bg6 16. Ne1 N8e7 17. g4 Na5 18. Qa2 Nac6 19. Rd1 Bh7 20. Bf3 Na5 21. Ng2 c6 22.
Be2 b5 23. f4 Ng6 24. f5 Nh4 25. Bf4 Nxg2 26. Kxg2 Bg5 27. Be5 Nb7 28. b4 a5
29. Qb2 axb4 30. axb4 Bf6 31. Bf4 Bg5 32. Bg3 Bh4 33. Bxh4 Qxh4 34. Ra1 Rac8
35. Ra7 Nd8 36. Qd2 f6 37. Bf3 Kh8 38. Ne2 Qg5 39. Qf4 Qxf4 40. Nxf4 Bg8 41. h4
Bf7 42. Kf2 Kg8 43. Rfa1 Kf8 44. Nh3 Re7 45. Rxe7 Kxe7 46. Ra7+ Kf8 47. g5 hxg5
48. hxg5 Rb8 49. Kg3 Rb7 50. Ra8 Rd7 51. Nf4 Ke7 52. Kh4 Be8 53. Bh5 Bxh5 54.
Kxh5 Kf7 55. Rc8 Ke7 56. Kg6 Nf7 57. Kxg7 Nxg5 58. Ng6# 1-0

[Event "B - CZECH OPEN 2016"]
[Site "Pardubice (CZE)"]
[Date "2016.07.25"]
[Round "4.10"]
[White "Tichy, Stepan"]
[Black "Pozzobon, Davide"]
[Result "1-0"]
[WhiteElo "2176"]
[BlackElo "1988"]
[PlyCount "57"]
[EventDate "2016.07.22"]

1. d4 Nf6 2. g3 g6 3. Bg2 Bg7 4. Nf3 c5 5. O-O cxd4 6. Nxd4 O-O 7. Nc3 Nc6 8.
Nb3 d6 9. h3 Be6 10. Kh2 Rc8 11. f4 a6 12. e4 Qd7 13. Be3 h5 14. Nd5 Bxd5 15.
exd5 Nb8 16. Nd4 e5 17. dxe6 fxe6 18. Qd3 Kh7 19. Nf3 Nd5 20. Ng5+ Kh6 21. Bd2
Bxb2 22. Nxe6 Bxa1 23. f5+ g5 24. Bxg5+ Kh7 25. Nxf8+ Rxf8 26. Rxa1 Nf6 27. Rd1
d5 28. Qf3 Ne4 29. Qxh5+ 1-0

[Event "B - CZECH OPEN 2016"]
[Site "Pardubice (CZE)"]
[Date "2016.07.26"]
[Round "5.1"]
[White "Kolmakov, Pavel"]
[Black "Hardarson, Jon Trausti"]
[Result "1-0"]
[WhiteElo "2180"]
[BlackElo "2078"]
[PlyCount "67"]
[EventDate "2016.07.22"]

1. e4 c5 2. Nc3 Nc6 3. g3 g6 4. Bg2 Bg7 5. d3 d6 6. Be3 e6 7. Qd2 Nge7 8. Bh6
O-O 9. Nf3 Nd4 10. Nxd4 cxd4 11. Bxg7 Kxg7 12. Ne2 e5 13. c3 dxc3 14. bxc3 d5
15. exd5 Nxd5 16. O-O Qa5 17. Qb2 Bg4 18. Rfe1 Rac8 19. c4 Nb4 20. Nf4 f6 21.
a3 Nc6 22. Nd5 b6 23. f4 exf4 24. Nxf4 Rfe8 25. Qf2 Ne5 26. d4 Nxc4 27. Nd5 f5
28. Ne7 Ra8 29. Bxa8 Rxa8 30. Qg2 Nd2 31. Re3 Rd8 32. Nc6 Qd5 33. Nxd8 Nf3+ 34.
Kh1 1-0

[Event "B - CZECH OPEN 2016"]
[Site "Pardubice (CZE)"]
[Date "2016.07.26"]
[Round "5.2"]
[White "Kowalec, Maciej"]
[Black "Janska, Jitka"]
[Result "1/2-1/2"]
[WhiteElo "2110"]
[BlackElo "2034"]
[PlyCount "109"]
[EventDate "2016.07.22"]

1. d4 Nf6 2. Nf3 e6 3. e3 b6 4. Bd3 Bb7 5. O-O c5 6. b3 cxd4 7. exd4 Qc7 8. c4
Bb4 9. h3 h5 10. a3 Bd6 11. Nc3 a6 12. Qe2 Nc6 13. b4 Ng4 14. Nd5 Qb8 15. Bb2
Be7 16. hxg4 hxg4 17. Ne5 Nxe5 18. dxe5 exd5 19. cxd5 Bxd5 20. Qxg4 Qb7 21.
Rac1 Be6 22. Be4 Bxg4 23. Bxb7 Ra7 24. Be4 O-O 25. Bd4 Rb8 26. Rc3 a5 27. b5
Be6 28. Rfc1 g6 29. Rc8+ Rxc8 30. Rxc8+ Kg7 31. Bxb6 d5 32. Bxa7 Bxc8 33. Bxd5
Bxa3 34. b6 Bc5 35. Kf1 Bf5 36. Ke2 a4 37. f3 Bb1 38. Bb8 Bxb6 39. Bd6 Bd4 40.
Bc6 Bc2 41. Kd2 Bb3 42. Kc1 Kh6 43. Bd7 Kh5 44. Kb1 Be3 45. g3 Bf2 46. e6 fxe6
47. Kb2 Kg5 48. Kc3 Kf6 49. Kd3 e5 50. g4 Bd4 51. f4 Bb2 52. fxe5+ Kf7 53. e6+
Bxe6 54. Bxa4 Bxg4 55. Bf4 1/2-1/2

[Event "B - CZECH OPEN 2016"]
[Site "Pardubice (CZE)"]
[Date "2016.07.26"]
[Round "5.4"]
[White "Thenhausen, Dirk"]
[Black "Gantar, Jan"]
[Result "0-1"]
[WhiteElo "2106"]
[BlackElo "2215"]
[PlyCount "138"]
[EventDate "2016.07.22"]

1. e4 Nf6 2. Nc3 d5 3. exd5 Nxd5 4. d4 Nc6 5. Nf3 Bg4 6. Bb5 a6 7. Bxc6+ bxc6
8. a3 Nxc3 9. bxc3 Qd5 10. Qd3 Bxf3 11. Qxf3 Qxf3 12. gxf3 e6 13. Bf4 Kd7 14.
Rg1 g6 15. Be5 Rg8 16. Kd2 Bd6 17. Kd3 Rgb8 18. a4 Rb2 19. c4 Rab8 20. Rge1
R2b4 21. Kc3 h5 22. h3 c5 23. dxc5 Bxc5 24. Bd4 Bxd4+ 25. Kxd4 R8b6 26. Re4 Rc6
27. Kc3 a5 28. Kd3 Rc5 29. f4 Ke7 30. Ra3 Kf6 31. Rd4 Kf5 32. Re4 Rb1 33. Kd4
Rxc4+ 34. Kxc4 Kxe4 35. Rb3 Rd1 36. Kb5 Rd5+ 37. Kc6 Kxf4 38. c4 Rd2 39. c5
Rxf2 40. Rc3 e5 41. Kxc7 e4 42. c6 e3 43. Rc4+ Kf3 44. Rc3 Ke4 45. Kb7 Rd2 46.
c7 Rd7 47. Kb6 Rxc7 48. Rxc7 f5 49. Kxa5 f4 50. Kb6 f3 51. a5 f2 52. a6 f1=Q
53. a7 Qb1+ 54. Ka6 Qa2+ 55. Kb7 Qb3+ 56. Ka6 Qa4+ 57. Kb7 e2 58. a8=Q Qxa8+
59. Kxa8 Kf3 60. Re7 g5 61. Rf7+ Kg2 62. Re7 Kxh3 63. Rxe2 g4 64. Kb7 g3 65.
Kc6 g2 66. Re1 Kh2 67. Kd5 g1=Q 68. Rxg1 Kxg1 69. Ke4 h4 0-1

[Event "B - CZECH OPEN 2016"]
[Site "Pardubice (CZE)"]
[Date "2016.07.26"]
[Round "5.5"]
[White "Dzubasz, Tino"]
[Black "Moroder, Stefan"]
[Result "0-1"]
[WhiteElo "2086"]
[BlackElo "2209"]
[PlyCount "122"]
[EventDate "2016.07.22"]

1. Nf3 g6 2. d4 Nf6 3. c4 Bg7 4. Nc3 O-O 5. e4 d6 6. Be2 e5 7. dxe5 dxe5 8.
Qxd8 Rxd8 9. Bg5 Re8 10. O-O-O c6 11. Nxe5 Na6 12. f4 h6 13. Bh4 g5 14. fxg5
hxg5 15. Bg3 Nc5 16. Rhf1 Nfxe4 17. Bh5 Nxg3 18. Bxf7+ Kh7 19. Bg6+ Kh6 20.
hxg3 Rxe5 21. Bc2 g4 22. b4 Re6 23. bxc5 Bxc3 24. Rd8 Re1+ 25. Rxe1 Bxe1 26.
Bf5 Bxf5 27. Rxa8 a5 28. Ra7 Bb4 29. Rxb7 Bxc5 30. Rb8 Kg6 31. Kd2 Be4 32. Rg8+
Kf5 33. Rh8 Ke5 34. Rh4 Bf5 35. Rh6 Bb4+ 36. Ke3 Bc5+ 37. Kd2 Bb4+ 38. Ke3 c5
39. Ra6 Bd7 40. a3 Be1 41. Ke2 Bxg3 42. Rxa5 Kd4 43. Ra8 Bf5 44. a4 Bd3+ 45.
Kd1 Bf2 46. a5 Kxc4 47. Rf8 Bd4 48. a6 Be4 49. a7 Bxg2 50. a8=Q Bxa8 51. Rxa8
g3 52. Rg8 Bf2 53. Kc2 Kd4 54. Kd2 Ke4 55. Ke2 Kd4 56. Kd2 Ke4 57. Ke2 Kf4 58.
Rg6 Bd4 59. Kf1 Kf3 60. Rg8 Be3 61. Rf8+ Bf4 0-1

[Event "B - CZECH OPEN 2016"]
[Site "Pardubice (CZE)"]
[Date "2016.07.26"]
[Round "5.6"]
[White "Simet, Martin"]
[Black "Maslak, Alexander"]
[Result "1-0"]
[WhiteElo "2058"]
[BlackElo "2195"]
[PlyCount "141"]
[EventDate "2016.07.22"]

1. d4 Nf6 2. Nf3 g6 3. Bf4 Bg7 4. h3 O-O 5. e3 c5 6. Be2 b6 7. O-O Bb7 8. c3 d6
9. a4 Nc6 10. Nbd2 Nd5 11. Bh2 cxd4 12. exd4 Rc8 13. Re1 Re8 14. Bf1 Qd7 15.
Nc4 Qc7 16. Qb3 Na5 17. Nxa5 bxa5 18. Ng5 Qb6 19. Qa2 h6 20. Ne4 Nf6 21. Nd2
Bf8 22. Qb3 Bd5 23. Qc2 Rb8 24. Bb5 Rec8 25. Qd3 Ra8 26. b3 Bb7 27. Qg3 a6 28.
Bc4 d5 29. Bf1 e6 30. Re3 Ne4 31. Nxe4 dxe4 32. Qh4 Bg7 33. Rb1 Kh7 34. Qe7 Kg8
35. Be2 Bd5 36. Bd1 Ra7 37. Qh4 g5 38. Qh5 Qb7 39. Bd6 Qd7 40. Bc5 Rb7 41. h4
f6 42. hxg5 fxg5 43. Bc2 Rcb8 44. b4 axb4 45. cxb4 Qf7 46. Qxf7+ Kxf7 47. Bxe4
Rd7 48. Bd3 Ra8 49. b5 axb5 50. axb5 Ra5 51. Rd1 Ra2 52. b6 Rb2 53. Ba6 Rd8 54.
Bd3 Bf8 55. Rb1 Rxb1+ 56. Bxb1 Bd6 57. Bd3 Bb8 58. Ba6 Kf6 59. Rh3 Kg7 60. Ra3
Kf6 61. Bb5 h5 62. Kf1 h4 63. Be2 Be4 64. Bf3 Bf5 65. Ra7 Rh8 66. Ra8 g4 67.
Bc6 Bd3+ 68. Ke1 Bc4 69. Bd6 Rc8 70. Bxb8 Rxc6 71. Be5+ 1-0

[Event "B - CZECH OPEN 2016"]
[Site "Pardubice (CZE)"]
[Date "2016.07.26"]
[Round "5.7"]
[White "Gorbatenko, Alexander"]
[Black "Tichy, Stepan"]
[Result "0-1"]
[WhiteElo "2053"]
[BlackElo "2176"]
[PlyCount "76"]
[EventDate "2016.07.22"]

1. d4 Nf6 2. c4 e6 3. Nc3 d5 4. cxd5 exd5 5. Qc2 c5 6. Nf3 cxd4 7. Nxd4 Nc6 8.
Nxc6 bxc6 9. e3 Bd7 10. Be2 Bd6 11. b3 Qe7 12. Bb2 O-O 13. Rd1 Rae8 14. h3 h6
15. Bf3 Nh7 16. h4 Nf6 17. Ne2 Rc8 18. Kf1 Ng4 19. Rd4 Ne5 20. Ra4 Rc7 21. Qc3
Re8 22. Nf4 Qf8 23. Be2 Ng6 24. Nd3 Ne5 25. Nxe5 Bxe5 26. Qc1 Bxb2 27. Qxb2 c5
28. Rf4 Qe7 29. Bh5 Be6 30. Bg4 c4 31. Bxe6 Qxe6 32. Rh3 c3 33. Qc1 Qa6+ 34.
Ke1 Qxa2 35. b4 Qb2 36. Kd1 c2+ 37. Kd2 Qc3+ 38. Ke2 d4 0-1

[Event "B - CZECH OPEN 2016"]
[Site "Pardubice (CZE)"]
[Date "2016.07.26"]
[Round "5.8"]
[White "Wagner, Bernd"]
[Black "Hons, Tomas"]
[Result "0-1"]
[WhiteElo "2175"]
[BlackElo "2033"]
[PlyCount "132"]
[EventDate "2016.07.22"]

1. e4 c5 2. Nf3 e6 3. d4 cxd4 4. Nxd4 Nc6 5. Nc3 Qc7 6. Nxc6 bxc6 7. Bd3 d5 8.
O-O Nf6 9. Qe2 Be7 10. Bd2 O-O 11. Rae1 d4 12. Nd1 Re8 13. e5 Nd7 14. Qe4 g6
15. Qxd4 c5 16. Qf4 Rb8 17. b3 Nb6 18. Nc3 Bb7 19. Qg4 Red8 20. Bg5 Bxg5 21.
Qxg5 c4 22. bxc4 Nxc4 23. Ne4 Bxe4 24. Rxe4 Nb2 25. h4 Nxd3 26. cxd3 Rxd3 27.
h5 Qd8 28. Qg4 Qf8 29. Rc1 Qh6 30. Rce1 Qxh5 31. Qxh5 gxh5 32. Ra4 Rd2 33. Rxa7
Rbb2 34. Rf1 Rxa2 35. Rxa2 Rxa2 36. Kh2 Kg7 37. Kg3 Kg6 38. Kh4 Re2 39. g3 Rxe5
40. Kh3 Re2 41. Kg2 Kg5 42. Ra1 h6 43. Ra5+ f5 44. Ra8 h4 45. Rg8+ Kh5 46. gxh4
Kxh4 47. Kf3 Re4 48. Rg6 Kh5 49. Rg8 Rg4 50. Re8 Rg6 51. Kf4 Kh4 52. f3 Kh3 53.
Ra8 h5 54. Ra1 Kh2 55. Re1 h4 56. Re2+ Kg1 57. Re1+ Kf2 58. Rh1 Rh6 59. Kg5 Rh8
60. f4 h3 61. Kf6 h2 62. Kxe6 Kg2 63. Ra1 h1=Q 64. Rxh1 Rxh1 65. Kxf5 Kf3 66.
Ke5 Kg4 0-1

[Event "B - CZECH OPEN 2016"]
[Site "Pardubice (CZE)"]
[Date "2016.07.26"]
[Round "5.9"]
[White "Netusil, Jakub"]
[Black "Saleh, Nagueb"]
[Result "0-1"]
[WhiteElo "1919"]
[BlackElo "2173"]
[PlyCount "130"]
[EventDate "2016.07.22"]

1. e4 c6 2. d4 d5 3. Nc3 dxe4 4. Nxe4 Nf6 5. Nxf6+ gxf6 6. Nf3 Bf5 7. Bd3 e6 8.
O-O Bg6 9. Bf4 Bd6 10. Bxd6 Qxd6 11. c4 Nd7 12. d5 cxd5 13. cxd5 Qxd5 14. Bxg6
hxg6 15. Qa4 Qc6 16. Qa3 Rh5 17. Rac1 Rc5 18. Qe3 Rc8 19. Rcd1 a6 20. Qh6 Ke7
21. Rfe1 Nf8 22. h3 Rd5 23. Rc1 Qd7 24. Qf4 Rxc1 25. Rxc1 Rd1+ 26. Kh2 Rxc1 27.
Qxc1 e5 28. Qc5+ Qd6 29. Qe3 Ne6 30. Nd2 Qd4 31. Qa3+ Ke8 32. Nf3 Qxf2 33. Qd6
Nf4 34. Qb8+ Ke7 35. Qxb7+ Kf8 36. Qb4+ Kg7 37. Qd2 Ne2 38. b4 e4 39. Qe1 Qe3
40. Ng1 Qf4+ 41. g3 Nxg1 42. Kxg1 Qf5 43. Kg2 Qf3+ 44. Kh2 f5 45. a4 Qa3 46. a5
Qd3 47. h4 Kf8 48. Qc1 e3 49. Qc5+ Kg8 50. Qe7 Qe2+ 51. Kh3 Qf1+ 52. Kh2 Qf2+
53. Kh3 Qg1 54. Qe8+ Kg7 55. Qe5+ Kh7 56. Qd5 Kh6 57. Qf3 Qe1 58. Kg2 e2 59.
Qe3+ Kh7 60. Qe7 Qf1+ 61. Kh2 e1=Q 62. Qxf7+ Kh6 63. Qf8+ Kh5 64. Qh8+ Kg4 65.
Qd4+ Qe4 0-1

[Event "B - CZECH OPEN 2016"]
[Site "Pardubice (CZE)"]
[Date "2016.07.26"]
[Round "5.10"]
[White "Ludvik, Tomas"]
[Black "Baskakov, Egor"]
[Result "1/2-1/2"]
[WhiteElo "1819"]
[BlackElo "2141"]
[PlyCount "44"]
[EventDate "2016.07.22"]

1. d4 Nf6 2. Nf3 c5 3. d5 d6 4. Nc3 g6 5. e4 Bg7 6. Be2 O-O 7. O-O Na6 8. Bxa6
bxa6 9. Qd3 Bg4 10. Nd2 Bc8 11. Nc4 Nd7 12. Bd2 Ne5 13. Nxe5 Bxe5 14. Rae1 Bd7
15. f4 Bg7 16. Nd1 c4 17. Qe3 Rb8 18. Bc3 Qb6 19. Bxg7 Kxg7 20. c3 Ba4 21. Rf2
Bxd1 22. Qxb6 axb6 1/2-1/2

[Event "B - CZECH OPEN 2016"]
[Site "Pardubice (CZE)"]
[Date "2016.07.27"]
[Round "6.1"]
[White "GRANOVSKIY, Alexandr"]
[Black "KOLMAKOV, Pavel"]
[Result "0-1"]
[WhiteElo "2292"]
[BlackElo "2180"]
[PlyCount "162"]
[EventDate "2016.07.22"]

1. e4 e5 2. Nf3 Nc6 3. Nc3 Nf6 4. Bb5 Nd4 5. Nxd4 exd4 6. e5 dxc3 7. exf6 Qxf6
8. dxc3 c6 9. Bd3 d5 10. O-O Bd6 11. Qh5 h6 12. Re1+ Be6 13. Be3 O-O 14. Bd4
Qg5 15. Qxg5 hxg5 16. h3 Rfe8 17. Be5 Bxe5 18. Rxe5 f6 19. Re3 Bf7 20. Rxe8+
Rxe8 21. g3 Kf8 22. Kg2 Ke7 23. f4 gxf4 24. gxf4 g5 25. Re1+ Kd6 26. Rf1 Be6
27. fxg5 fxg5 28. Rf6 Ke5 29. Rh6 Bf5 30. Kf2 Re7 31. Bxf5 Kxf5 32. a4 Rd7 33.
Ke3 c5 34. a5 d4+ 35. cxd4 Rxd4 36. Rh7 Re4+ 37. Kd3 Rb4 38. b3 Kf4 39. Rf7+
Ke5 40. a6 bxa6 41. Rg7 Kf4 42. Rxa7 Kg3 43. Rg7 Kh4 44. Rh7+ Kg3 45. Rh5 Kf4
46. Rh6 Kg3 47. Rg6 Kh4 48. Rg8 a5 49. Rh8+ Kg3 50. Rh5 Kf4 51. Rh8 a4 52. bxa4
Rd4+ 53. Ke2 Rxa4 54. Rc8 Re4+ 55. Kd2 Re5 56. Rh8 Kf3 57. Kd3 Re3+ 58. Kc4 Kg2
59. Rh5 Rg3 60. c3 Kf2 61. Kb3 Ke3 62. Rh8 Kd2 63. Rd8+ Rd3 64. Rg8 Rxc3+ 65.
Kb2 Rg3 66. Rd8+ Ke3 67. Rh8 Kd4 68. Rh7 Kc4 69. h4 Rg2+ 70. Ka3 Rh2 71. h5 Kc3
72. h6 c4 73. Rh8 Kc2 74. h7 c3 75. Ka2 g4 76. Ka3 g3 77. Ka2 Kc1+ 78. Kb3 c2
79. Rc8 Rxh7 80. Rxc2+ Kd1 81. Rg2 Rg7 0-1

[Event "B - CZECH OPEN 2016"]
[Site "Pardubice (CZE)"]
[Date "2016.07.27"]
[Round "6.2"]
[White "GANTAR, Jan"]
[Black "KOWALEC, Maciej"]
[Result "1-0"]
[WhiteElo "2215"]
[BlackElo "2110"]
[PlyCount "79"]
[EventDate "2016.07.22"]

1. e4 c5 2. Ne2 Nc6 3. Nbc3 d6 4. d4 cxd4 5. Nxd4 Nf6 6. g3 g6 7. Nde2 Bg7 8.
Bg2 O-O 9. O-O Rb8 10. a4 a6 11. Nd5 Nxd5 12. exd5 Ne5 13. h3 Bd7 14. Ra2 b5
15. axb5 axb5 16. b3 f5 17. Be3 Ra8 18. Rxa8 Qxa8 19. f4 Nf7 20. Bd4 Rc8 21.
Bxg7 Kxg7 22. Qd4+ Kg8 23. Ra1 Qb8 24. c3 Rc7 25. Qe3 Kf8 26. Nd4 Nd8 27. Re1
Be8 28. g4 Qc8 29. gxf5 gxf5 30. Bf1 Qb7 31. Qd3 Qc8 32. Re3 b4 33. cxb4 Bg6
34. b5 Rc5 35. Nc6 e5 36. dxe6 Nxc6 37. bxc6 Rxc6 38. Qd4 d5 39. e7+ Ke8 40.
Bb5 1-0

[Event "B - CZECH OPEN 2016"]
[Site "Pardubice (CZE)"]
[Date "2016.07.27"]
[Round "6.3"]
[White "MORODER, Stefan"]
[Black "SIMET, Martin"]
[Result "1-0"]
[WhiteElo "2209"]
[BlackElo "2058"]
[PlyCount "47"]
[EventDate "2016.07.22"]

1. e4 c5 2. Nf3 d6 3. d4 cxd4 4. Nxd4 Nf6 5. f3 a6 6. c4 e6 7. Nc3 h5 8. Be2
Be7 9. Be3 Qc7 10. O-O Nbd7 11. Rc1 Ne5 12. h3 Bd7 13. b3 Rc8 14. Qd2 h4 15. f4
Ng6 16. Nf3 Nh5 17. f5 Ng3 18. fxg6 Nxf1 19. gxf7+ Kxf7 20. Rxf1 Bf6 21. e5
dxe5 22. Nxe5+ Ke8 23. Ng6 Rh7 24. Ne4 1-0

[Event "B - CZECH OPEN 2016"]
[Site "Pardubice (CZE)"]
[Date "2016.07.27"]
[Round "6.4"]
[White "TICHY, Stepan"]
[Black "JANSKA, Jitka"]
[Result "1-0"]
[WhiteElo "2176"]
[BlackElo "2034"]
[PlyCount "53"]
[EventDate "2016.07.22"]

1. d4 Nf6 2. c4 e6 3. Nf3 Bb4+ 4. Bd2 Qe7 5. g3 b6 6. Bg2 Bb7 7. O-O Bxd2 8.
Nbxd2 O-O 9. Qc2 c5 10. e4 d5 11. exd5 exd5 12. Rfe1 Qd6 13. cxd5 cxd4 14. Nxd4
Rc8 15. Ne4 Nxe4 16. Qxe4 g6 17. Qe7 Qd7 18. b4 Rc4 19. Rad1 Rc8 20. Qxd7 Nxd7
21. Re7 Rd8 22. Nc6 Kf8 23. d6 Bxc6 24. Bxc6 Nf6 25. Bxa8 Rxa8 26. Rc7 Ne8 27.
Rxa7 1-0

[Event "B - CZECH OPEN 2016"]
[Site "Pardubice (CZE)"]
[Date "2016.07.27"]
[Round "6.5"]
[White "SALEH, Nagueb"]
[Black "HONS, Tomas"]
[Result "1/2-1/2"]
[WhiteElo "2173"]
[BlackElo "2033"]
[PlyCount "61"]
[EventDate "2016.07.22"]

1. Nf3 d5 2. e3 Nf6 3. c4 c6 4. Nc3 Bg4 5. cxd5 Nxd5 6. Qb3 Qb6 7. Nxd5 Qxb3 8.
axb3 cxd5 9. Ne5 Bf5 10. Bb5+ Nd7 11. g4 Be6 12. Ra5 b6 13. Nxd7 bxa5 14. Nb6+
Kd8 15. Nxa8 Bd7 16. Ba4 e6 17. d4 Bb4+ 18. Bd2 Bxa4 19. bxa4 Kd7 20. Bxb4 axb4
21. Nb6+ axb6 22. Kd2 Ra8 23. Ra1 Rc8 24. a5 bxa5 25. Rxa5 b3 26. Rc5 Rxc5 27.
dxc5 Kc6 28. Kc3 Kxc5 29. Kxb3 e5 30. Kc3 Kb5 31. Kb3 1/2-1/2